=LDR 00000nam 2200000 4500 =001 INLIS000000001052322 =005 20240823094841 =035 ##$$a 0010-0824000140 =007 ta =008 240823################a##########1###### =082 ##$$a 028.55 =084 ##$$a 028.55 SHU n =100 #$$a Shun Sekiguchi =245 1#$$a Night Sky Watching /$c Shun Sekiguchi =260 ##$$a Seoul :$b Jinsun Publishing,$c 2014 =300 ##$$a 47 hlm : $b ilus ; $c 22,2 x 30,5 cm =650 #4$$a Bacaan Kanak-kanak =990 ##$$a 17081708 =990 ##$$a 3202401708